000 00512nam a22001577a 4500
003 macl
005 20170118124341.0
008 170118b xxu||||| |||| 00| 0 eng d
040 _cmacl
082 _a891.433 /BAL /S
100 _aबलराम
_966569
245 _aबलराम की यादगारी कहानियॉं
260 _aदिल्‍ली
_bहिंन्‍द पॉकेट बुक्‍स
_c2014
650 _aकहानियॉं
_966570
942 _2ddc
_cHIN
999 _c55942
_d55942